[Event "Deutsche Ländermeisterschaft 2025"]
[Site "Oer-Erkenschwick GER"]
[Date "2025.10.01"]
[Round "2"]
[White "Lange, Lene Marie"]
[Black "Classen, Meara"]
[Result "1-0"]
[Termination "normal"]
[Board "9.8"]
[WhiteElo "1600"]
[BlackElo "1520"]
[WhiteClock "01:02:42"]
[BlackClock "00:02:06"]
[WhiteTeam "Sachsen"]
[BlackTeam "Saarland & Friends"]
[PlyCount "171"]
[WhiteFideId "34639748"]
[BlackFideId "34626956"]
[EventCountry "GER"]
[EventRounds "7"]
[EventType "team-swiss"]
[EventDate "2025.09.30"]

1. d4 {[%clk 01:30:58]} {[%emt 00:00:01]} Nf6 {[%clk 01:30:48]} {[%emt
00:00:12]} 2. Bf4 {[%clk 01:31:12]} {[%emt 00:00:16]} d5 {[%clk 01:30:06]}
{[%emt 00:01:12]} 3. Nf3 {[%clk 01:31:08]} {[%emt 00:00:34]} c5 {[%clk
01:28:07]} {[%emt 00:02:28]} 4. e3 {[%clk 01:30:30]} {[%emt 00:01:07]} Nc6
{[%clk 01:26:27]} {[%emt 00:02:10]} 5. c3 {[%clk 01:29:30]} {[%emt 00:01:31]}
Qb6 {[%clk 01:25:47]} {[%emt 00:01:10]} 6. Qc2 {[%clk 01:28:28]} {[%emt
00:01:30]} g6 {[%clk 01:24:56]} {[%emt 00:01:22]} 7. Nbd2 {[%clk 01:27:27]}
{[%emt 00:01:32]} Bf5 {[%clk 01:23:22]} {[%emt 00:02:04]} 8. Bd3 {[%clk
01:26:10]} {[%emt 00:01:47]} Bxd3 {[%clk 01:19:52]} {[%emt 00:04:00]} 9. Qxd3
{[%clk 01:25:33]} {[%emt 00:01:07]} Bg7 {[%clk 01:15:18]} {[%emt 00:05:04]} 10.
Qc2 {[%clk 01:23:55]} {[%emt 00:02:08]} O-O {[%clk 01:08:45]} {[%emt 00:07:03]}
11. O-O-O {[%clk 01:21:03]} {[%emt 00:03:22]} cxd4 {[%clk 01:07:25]} {[%emt
00:01:49]} 12. exd4 {[%clk 01:20:20]} {[%emt 00:01:13]} e6 {[%clk 01:05:32]}
{[%emt 00:02:23]} 13. h3 {[%clk 01:19:58]} {[%emt 00:00:52]} Qd8 {[%clk
01:03:18]} {[%emt 00:02:44]} 14. g4 {[%clk 01:18:48]} {[%emt 00:01:41]} b5
{[%clk 01:02:26]} {[%emt 00:01:21]} 15. Rdg1 {[%clk 01:18:14]} {[%emt
00:01:03]} b4 {[%clk 01:00:48]} {[%emt 00:02:08]} 16. h4 {[%clk 01:17:05]}
{[%emt 00:01:39]} bxc3 {[%clk 00:55:31]} {[%emt 00:05:48]} 17. bxc3 {[%clk
01:16:17]} {[%emt 00:01:18]} Rc8 {[%clk 00:52:51]} {[%emt 00:03:11]} 18. Qa4
{[%clk 01:10:41]} {[%emt 00:06:06]} Ne7 {[%clk 00:49:13]} {[%emt 00:04:07]} 19.
Kc2 {[%clk 01:08:18]} {[%emt 00:02:54]} Qb6 {[%clk 00:27:53]} {[%emt 00:21:49]}
20. Qb3 {[%clk 01:06:33]} {[%emt 00:02:16]} Qxb3+ {[%clk 00:24:21]} {[%emt
00:04:03]} 21. axb3 {[%clk 01:06:04]} {[%emt 00:00:58]} Nc6 {[%clk 00:17:12]}
{[%emt 00:07:38]} 22. g5 {[%clk 01:05:15]} {[%emt 00:01:19]} Nd7 {[%clk
00:15:33]} {[%emt 00:02:04]} 23. h5 {[%clk 01:04:48]} {[%emt 00:01:03]} Nxd4+
{[%clk 00:12:42]} {[%emt 00:03:21]} 24. Nxd4 {[%clk 01:02:37]} {[%emt
00:02:42]} Bxd4 {[%clk 00:12:53]} {[%emt 00:00:19]} 25. c4 {[%clk 01:00:26]}
{[%emt 00:02:41]} Bxf2 {[%clk 00:10:41]} {[%emt 00:02:42]} 26. Rf1 {[%clk
00:59:34]} {[%emt 00:01:22]} Bb6 {[%clk 00:09:39]} {[%emt 00:01:21]} 27. Bd6
{[%clk 00:56:58]} {[%emt 00:03:17]} Rfe8 {[%clk 00:05:16]} {[%emt 00:04:47]}
28. Rf3 {[%clk 00:56:22]} {[%emt 00:01:11]} Bc5 {[%clk 00:04:07]} {[%emt
00:01:39]} 29. Bg3 {[%clk 00:55:29]} {[%emt 00:01:24]} Bb4 {[%clk 00:03:06]}
{[%emt 00:01:30]} 30. hxg6 {[%clk 00:54:47]} {[%emt 00:01:13]} fxg6 {[%clk
00:03:13]} {[%emt 00:00:23]} 31. Rh4 {[%clk 00:54:04]} {[%emt 00:01:13]} Rf8
{[%clk 00:02:52]} {[%emt 00:00:51]} 32. Re3 {[%clk 00:52:42]} {[%emt 00:01:52]}
Rfe8 {[%clk 00:02:38]} {[%emt 00:00:44]} 33. Bh2 {[%clk 00:52:20]} {[%emt
00:00:52]} dxc4 {[%clk 00:02:26]} {[%emt 00:00:42]} 34. bxc4 {[%clk 00:51:52]}
{[%emt 00:00:57]} Nb6 {[%clk 00:02:32]} {[%emt 00:00:18]} 35. Reh3 {[%clk
00:51:46]} {[%emt 00:00:42]} Re7 {[%clk 00:01:28]} {[%emt 00:01:30]} 36. Ne4
{[%clk 00:49:42]} {[%emt 00:02:40]} Rxc4+ {[%clk 00:00:35]} {[%emt 00:01:22]}
37. Kb3 {[%clk 00:50:01]} {[%emt 00:00:11]} Kf8 {[%clk 00:00:40]} {[%emt
00:00:24]} 38. Rf3+ {[%clk 00:49:08]} {[%emt 00:01:20]} Ke8 {[%clk 00:00:35]}
{[%emt 00:00:37]} 39. Nf6+ {[%clk 00:49:26]} {[%emt 00:00:13]} Kd8 {[%clk
00:00:49]} {[%emt 00:00:16]} 40. Rxc4 {[%clk 00:49:16]} {[%emt 00:00:41]} Nxc4
{[%clk 00:00:46]} {[%emt 00:00:33]} 41. Kxb4 {[%clk 00:49:26]} {[%emt
00:00:19]} Nb6 {[%clk 00:00:51]} {[%emt 00:00:24]} 42. Rd3+ {[%clk 00:48:35]}
{[%emt 00:01:22]} Kc8 {[%clk 00:00:33]} {[%emt 00:00:47]} 43. Kb5 {[%clk
00:47:49]} {[%emt 00:01:18]} Rb7 {[%clk 00:29:33]} {[%emt 00:01:21]} 44. Rc3+
{[%clk 01:17:22]} {[%emt 00:01:06]} Kd8 {[%clk 00:28:28]} {[%emt 00:01:34]} 45.
Kc6 {[%clk 01:16:35]} {[%emt 00:01:18]} Rf7 {[%clk 00:27:42]} {[%emt 00:01:04]}
46. Ra3 {[%clk 01:16:06]} {[%emt 00:01:11]} Nc4 {[%clk 00:21:00]} {[%emt
00:06:48]} 47. Rd3+ {[%clk 01:15:06]} {[%emt 00:01:54]} Kc8 {[%clk 00:18:51]}
{[%emt 00:02:39]} 48. Rc3 {[%clk 01:15:17]} {[%emt 00:00:20]} Nb6 {[%clk
00:17:12]} {[%emt 00:02:02]} 49. Kd6+ {[%clk 01:15:16]} {[%emt 00:00:37]} Kd8
{[%clk 00:14:36]} {[%emt 00:03:06]} 50. Kxe6 {[%clk 01:15:08]} {[%emt
00:00:39]} Re7+ {[%clk 00:13:53]} {[%emt 00:01:12]} 51. Kd6 {[%clk 01:15:27]}
{[%emt 00:00:12]} Na8 {[%clk 00:11:46]} {[%emt 00:02:34]} 52. Kc6 {[%clk
01:14:57]} {[%emt 00:00:59]} Re6+ {[%clk 00:10:56]} {[%emt 00:01:21]} 53. Kb7
{[%clk 01:14:59]} {[%emt 00:00:29]} Nb6 {[%clk 00:10:17]} {[%emt 00:01:10]} 54.
Bc7+ {[%clk 01:13:03]} {[%emt 00:02:26]} Ke7 {[%clk 00:10:09]} {[%emt
00:00:33]} 55. Rd3 {[%clk 01:12:29]} {[%emt 00:01:02]} Kf7 {[%clk 00:07:55]}
{[%emt 00:02:49]} 56. Rh3 {[%clk 01:10:12]} {[%emt 00:02:49]} h5 {[%clk
00:06:11]} {[%emt 00:02:13]} 57. Rf3 {[%clk 01:09:56]} {[%emt 00:00:46]} Kg7
{[%clk 00:03:49]} {[%emt 00:02:52]} 58. Kxa7 {[%clk 01:09:16]} {[%emt
00:01:11]} Nc8+ {[%clk 00:03:12]} {[%emt 00:01:03]} 59. Kb7 {[%clk 01:09:02]}
{[%emt 00:00:46]} Ne7 {[%clk 00:02:38]} {[%emt 00:00:58]} 60. Rd3 {[%clk
01:06:46]} {[%emt 00:02:53]} Nf5 {[%clk 00:00:32]} {[%emt 00:02:36]} 61. Rd7
{[%clk 01:06:36]} {[%emt 00:00:40]} Re7 {[%clk 00:00:58]} {[%emt 00:00:03]} 62.
Rd2 {[%clk 01:04:17]} {[%emt 00:02:48]} Kf7 {[%clk 00:00:40]} {[%emt 00:00:49]}
63. Rc2 {[%clk 01:02:35]} {[%emt 00:02:13]} Nd4 {[%clk 00:00:38]} {[%emt
00:00:31]} 64. Rc1 {[%clk 01:01:56]} {[%emt 00:01:08]} Nf3 {[%clk 00:00:46]}
{[%emt 00:00:24]} 65. Rf1 {[%clk 00:59:54]} {[%emt 00:02:30]} Re3 {[%clk
00:00:35]} {[%emt 00:00:43]} 66. Bf4 {[%clk 00:59:23]} {[%emt 00:00:59]} Rb3+
{[%clk 00:00:43]} {[%emt 00:00:23]} 67. Kc7 {[%clk 00:59:24]} {[%emt 00:00:29]}
Ke6 {[%clk 00:00:52]} {[%emt 00:00:21]} 68. Ne4 {[%clk 00:58:42]} {[%emt
00:01:12]} Nd4 {[%clk 00:00:32]} {[%emt 00:00:51]} 69. Nc5+ {[%clk 00:58:46]}
{[%emt 00:00:26]} Ke7 {[%clk 00:00:34]} {[%emt 00:00:27]} 70. Nxb3 {[%clk
00:59:03]} {[%emt 00:00:14]} Nxb3 {[%clk 00:00:39]} {[%emt 00:00:24]} 71. Bd6
{[%clk 00:58:52]} {[%emt 00:00:40]} Ke6 {[%clk 00:00:58]} {[%emt 00:00:12]} 72.
Rf6+ {[%clk 00:58:51]} {[%emt 00:00:31]} Kd5 {[%clk 00:01:06]} {[%emt
00:00:22]} 73. Rxg6 {[%clk 00:58:56]} {[%emt 00:00:25]} Nd4 {[%clk 00:01:10]}
{[%emt 00:00:26]} 74. Rh6 {[%clk 00:58:10]} {[%emt 00:01:17]} h4 {[%clk
00:01:22]} {[%emt 00:00:17]} 75. g6 {[%clk 00:58:27]} {[%emt 00:00:13]} Nb5+
{[%clk 00:01:37]} {[%emt 00:00:15]} 76. Kd7 {[%clk 00:58:35]} {[%emt 00:00:23]}
Nxd6 {[%clk 00:01:18]} {[%emt 00:00:49]} 77. g7 {[%clk 00:58:52]} {[%emt
00:00:13]} Nf5 {[%clk 00:01:19]} {[%emt 00:00:29]} 78. Rh5 {[%clk 00:59:06]}
{[%emt 00:00:17]} Ke5 {[%clk 00:01:19]} {[%emt 00:00:29]} 79. g8=Q {[%clk
00:59:21]} {[%emt 00:00:15]} Kf4 {[%clk 00:01:21]} {[%emt 00:00:28]} 80. Qg5+
{[%clk 00:59:39]} {[%emt 00:00:13]} Ke4 {[%clk 00:01:34]} {[%emt 00:01:59]} 81.
Qxf5+ {[%clk 01:01:45]} {[%emt 00:00:19]} Kd4 {[%clk 00:01:43]} {[%emt
00:00:22]} 82. Rxh4+ {[%clk 01:02:06]} {[%emt 00:00:09]} Ke3 {[%clk 00:01:32]}
{[%emt 00:00:41]} 83. Qe5+ {[%clk 01:01:56]} {[%emt 00:00:39]} Kd3 {[%emt
00:00:36]} 84. Qg3+ {[%clk 01:02:19]} Kd2 {[%clk 00:01:42]} {[%emt 00:00:21]}
85. Rh2+ {[%clk 01:02:42]} {[%emt 00:00:07]} Kd1 {[%clk 00:02:06]} {[%emt
00:00:06]} 86. Qg1# {[%emt 00:00:05]} 1-0

[Event "Deutsche Ländermeisterschaft 2025"]
[Site "Oer-Erkenschwick GER"]
[Date "2025.10.03"]
[Round "5"]
[White "Atoyan, Alberto"]
[Black "Besou, Hussain"]
[Result "1/2-1/2"]
[Termination "normal"]
[Board "1.1"]
[WhiteTitle "CM"]
[BlackTitle "FM"]
[WhiteElo "2302"]
[BlackElo "2376"]
[WhiteClock "00:41:59"]
[BlackClock "00:49:25"]
[WhiteTeam "Bayern"]
[BlackTeam "Nordrhein-Westfalen 1"]
[PlyCount "40"]
[WhiteFideId "13314831"]
[BlackFideId "16269950"]
[EventCountry "GER"]
[EventRounds "7"]
[EventType "team-swiss"]
[EventDate "2025.09.30"]

1. e4 {[%clk 01:30:55]} {[%emt 00:00:04]} c5 {[%clk 01:30:45]} {[%emt
00:00:16]} 2. Nc3 {[%clk 01:31:18]} {[%emt 00:00:07]} Nc6 {[%clk 01:30:17]}
{[%emt 00:00:57]} 3. Bb5 {[%clk 01:31:36]} {[%emt 00:00:12]} Nd4 {[%clk
01:29:18]} {[%emt 00:01:29]} 4. Bc4 {[%clk 01:32:01]} {[%emt 00:00:06]} e6
{[%clk 01:22:25]} {[%emt 00:07:22]} 5. Nf3 {[%clk 01:32:23]} {[%emt 00:00:08]}
Ne7 {[%clk 01:22:24]} {[%emt 00:00:32]} 6. Nxd4 {[%clk 01:29:57]} {[%emt
00:02:56]} cxd4 {[%clk 01:21:47]} {[%emt 00:01:07]} 7. Ne2 {[%clk 01:30:18]}
{[%emt 00:00:08]} Nc6 {[%clk 01:22:08]} {[%emt 00:00:09]} 8. O-O {[%clk
01:28:14]} {[%emt 00:02:34]} Bc5 {[%clk 01:20:32]} {[%emt 00:02:06]} 9. d3
{[%clk 01:26:34]} {[%emt 00:02:11]} O-O {[%clk 01:18:56]} {[%emt 00:02:06]} 10.
a4 {[%clk 01:18:27]} {[%emt 00:08:37]} a6 {[%clk 01:10:15]} {[%emt 00:09:10]}
11. Bd2 {[%clk 01:09:47]} {[%emt 00:09:11]} d6 {[%clk 01:05:39]} {[%emt
00:05:05]} 12. Ng3 {[%clk 01:04:35]} {[%emt 00:05:43]} Kh8 {[%clk 01:03:22]}
{[%emt 00:02:46]} 13. f4 {[%clk 00:59:48]} {[%emt 00:05:17]} f5 {[%clk
01:03:29]} {[%emt 00:00:22]} 14. exf5 {[%clk 00:58:05]} {[%emt 00:02:14]} exf5
{[%clk 01:03:52]} {[%emt 00:00:07]} 15. Re1 {[%clk 00:54:34]} {[%emt 00:04:02]}
d5 {[%clk 00:59:38]} {[%emt 00:04:43]} 16. Bb3 {[%clk 00:52:15]} {[%emt
00:02:50]} Qd6 {[%clk 00:59:51]} {[%emt 00:00:16]} 17. Qf3 {[%clk 00:46:10]}
{[%emt 00:06:36]} Be6 {[%clk 00:59:38]} {[%emt 00:00:42]} 18. Re2 {[%clk
00:45:14]} {[%emt 00:01:26]} g6 {[%clk 00:56:33]} {[%emt 00:03:34]} 19. Nf1
{[%clk 00:41:59]} {[%emt 00:03:46]} Bb6 {[%clk 00:49:25]} {[%emt 00:07:38]} 20.
Qf2 {[%emt 00:11:16]} Bd8 1/2-1/2

[Event "Deutsche Ländermeisterschaft 2025"]
[Site "Oer-Erkenschwick GER"]
[Date "2025.10.03"]
[Round "5"]
[White "Korchynskyi, Mykola"]
[Black "Mohylnyi, Stepan"]
[Result "1-0"]
[Termination "normal"]
[Board "1.2"]
[WhiteTitle "FM"]
[BlackTitle "FM"]
[WhiteElo "2372"]
[BlackElo "2275"]
[WhiteClock "00:44:53"]
[BlackClock "00:18:13"]
[WhiteTeam "Nordrhein-Westfalen 1"]
[BlackTeam "Bayern"]
[PlyCount "59"]
[WhiteFideId "34138005"]
[BlackFideId "34127836"]
[EventCountry "GER"]
[EventRounds "7"]
[EventType "team-swiss"]
[EventDate "2025.09.30"]

1. d4 {[%clk 01:30:24]} {[%emt 00:00:35]} Nf6 {[%clk 01:30:54]} {[%emt
00:00:07]} 2. c4 {[%clk 01:30:46]} {[%emt 00:00:08]} g6 {[%clk 01:31:18]}
{[%emt 00:00:06]} 3. Nc3 {[%clk 01:31:12]} {[%emt 00:00:03]} d5 {[%clk
01:31:45]} {[%emt 00:00:04]} 4. cxd5 {[%clk 01:31:36]} {[%emt 00:00:06]} Nxd5
{[%clk 01:32:12]} {[%emt 00:00:03]} 5. e4 {[%clk 01:32:02]} {[%emt 00:00:04]}
Nxc3 {[%clk 01:32:37]} {[%emt 00:00:04]} 6. bxc3 {[%clk 01:32:28]} {[%emt
00:00:04]} Bg7 {[%clk 01:32:56]} {[%emt 00:00:11]} 7. Nf3 {[%clk 01:32:53]}
{[%emt 00:00:05]} c5 {[%clk 01:33:22]} {[%emt 00:00:05]} 8. h3 {[%clk
01:32:19]} {[%emt 00:01:03]} O-O {[%clk 01:32:32]} {[%emt 00:01:20]} 9. Be3
{[%clk 01:31:33]} {[%emt 00:01:16]} cxd4 {[%clk 01:31:36]} {[%emt 00:01:26]}
10. cxd4 {[%clk 01:31:59]} {[%emt 00:00:04]} Nc6 {[%clk 01:32:04]} {[%emt
00:00:03]} 11. Be2 {[%clk 01:31:58]} {[%emt 00:00:31]} Qa5+ {[%clk 01:21:18]}
{[%emt 00:11:16]} 12. Bd2 {[%clk 01:30:25]} {[%emt 00:02:03]} Qa3 {[%clk
01:19:32]} {[%emt 00:02:15]} 13. d5 {[%clk 01:30:24]} {[%emt 00:00:32]} Ne5
{[%clk 01:19:23]} {[%emt 00:00:39]} 14. O-O {[%clk 01:30:36]} {[%emt 00:00:18]}
Nxf3+ {[%clk 01:19:21]} {[%emt 00:00:33]} 15. Bxf3 {[%clk 01:30:53]} {[%emt
00:00:12]} Bd7 {[%clk 01:10:05]} {[%emt 00:09:46]} 16. Rb1 {[%clk 01:20:15]}
{[%emt 00:11:08]} b5 {[%clk 01:07:09]} {[%emt 00:03:26]} 17. Bb4 {[%clk
01:19:24]} {[%emt 00:01:22]} Qxa2 {[%clk 01:06:42]} {[%emt 00:00:57]} 18. Bxe7
{[%clk 01:18:57]} {[%emt 00:00:57]} Rfe8 {[%clk 01:04:31]} {[%emt 00:02:41]}
19. d6 {[%clk 01:18:14]} {[%emt 00:01:13]} Rab8 {[%clk 00:53:00]} {[%emt
00:12:01]} 20. e5 {[%clk 00:57:09]} {[%emt 00:21:35]} Qa3 {[%clk 00:29:50]}
{[%emt 00:23:40]} 21. Ra1 {[%clk 00:50:12]} {[%emt 00:07:27]} Qc5 {[%clk
00:28:53]} {[%emt 00:01:27]} 22. Rc1 {[%clk 00:45:32]} {[%emt 00:05:10]} Qb6
{[%clk 00:21:30]} {[%emt 00:07:54]} 23. Bd5 {[%clk 00:45:20]} {[%emt 00:00:41]}
Rxe7 {[%clk 00:19:19]} {[%emt 00:02:41]} 24. dxe7 {[%clk 00:45:37]} {[%emt
00:00:12]} Re8 {[%clk 00:19:45]} {[%emt 00:00:04]} 25. Bxf7+ {[%clk 00:45:31]}
{[%emt 00:00:36]} Kxf7 {[%clk 00:20:11]} {[%emt 00:00:05]} 26. Qxd7 {[%clk
00:45:58]} {[%emt 00:00:03]} Rxe7 {[%clk 00:20:35]} {[%emt 00:00:05]} 27. Qd5+
{[%clk 00:46:14]} {[%emt 00:00:14]} Re6 {[%clk 00:20:40]} {[%emt 00:00:25]} 28.
Rc5 {[%clk 00:46:03]} {[%emt 00:00:41]} Ke7 {[%clk 00:18:11]} {[%emt 00:02:59]}
29. Rfc1 {[%clk 00:44:30]} {[%emt 00:02:03]} Bxe5 {[%clk 00:18:13]} {[%emt
00:00:27]} 30. Rc6 {[%clk 00:44:53]} {[%emt 00:00:08]} 1-0

[Event "Deutsche Ländermeisterschaft 2025"]
[Site "Oer-Erkenschwick GER"]
[Date "2025.10.03"]
[Round "5"]
[White "Logvinov, Petro"]
[Black "Gallasch, Jonas"]
[Result "1/2-1/2"]
[Termination "normal"]
[Board "1.3"]
[WhiteTitle "FM"]
[BlackTitle "FM"]
[WhiteElo "2166"]
[BlackElo "2304"]
[WhiteClock "00:01:30"]
[BlackClock "00:10:08"]
[WhiteTeam "Bayern"]
[BlackTeam "Nordrhein-Westfalen 1"]
[PlyCount "94"]
[WhiteFideId "14176661"]
[BlackFideId "16222474"]
[EventCountry "GER"]
[EventRounds "7"]
[EventType "team-swiss"]
[EventDate "2025.09.30"]

1. Nf3 {[%clk 01:30:41]} {[%emt 00:00:17]} Nf6 {[%clk 01:30:19]} {[%emt
00:00:41]} 2. g3 {[%clk 01:30:54]} {[%emt 00:00:18]} g6 {[%clk 01:30:33]}
{[%emt 00:00:16]} 3. Bg2 {[%clk 01:31:13]} {[%emt 00:00:11]} Bg7 {[%clk
01:30:58]} {[%emt 00:00:05]} 4. O-O {[%clk 01:31:38]} {[%emt 00:00:05]} O-O
{[%clk 01:31:22]} {[%emt 00:00:06]} 5. d3 {[%clk 01:31:59]} {[%emt 00:00:08]}
c5 {[%clk 01:23:54]} {[%emt 00:07:58]} 6. c4 {[%clk 01:29:34]} {[%emt
00:02:55]} Nc6 {[%clk 01:23:38]} {[%emt 00:00:46]} 7. Nc3 {[%emt 00:00:15]} a6
{[%clk 01:22:05]} {[%emt 00:01:56]} 8. e4 {[%clk 01:18:02]} {[%emt 00:12:25]}
b5 {[%clk 01:19:21]} {[%emt 00:03:14]} 9. e5 {[%clk 01:01:48]} {[%emt
00:16:43]} Ne8 {[%clk 00:55:52]} {[%emt 00:23:59]} 10. Bf4 {[%clk 00:47:26]}
{[%emt 00:14:52]} Nc7 {[%clk 00:49:30]} {[%emt 00:06:52]} 11. Qd2 {[%clk
00:39:34]} {[%emt 00:08:22]} Ne6 {[%clk 00:45:39]} {[%emt 00:04:21]} 12. Bh6
{[%clk 00:39:44]} {[%emt 00:00:21]} Rb8 {[%clk 00:45:49]} {[%emt 00:00:20]} 13.
Bxg7 {[%clk 00:39:48]} {[%emt 00:00:26]} Kxg7 {[%clk 00:46:14]} {[%emt
00:00:05]} 14. b3 {[%clk 00:36:14]} {[%emt 00:04:03]} Bb7 {[%clk 00:42:33]}
{[%emt 00:04:11]} 15. Rad1 {[%clk 00:23:23]} {[%emt 00:13:21]} Qa5 {[%clk
00:34:52]} {[%emt 00:08:10]} 16. Nd5 {[%clk 00:14:10]} {[%emt 00:09:43]} Qxd2
{[%clk 00:32:35]} {[%emt 00:02:47]} 17. Rxd2 {[%clk 00:14:38]} {[%emt
00:00:02]} Rfd8 {[%clk 00:30:06]} {[%emt 00:02:59]} 18. Re1 {[%clk 00:14:35]}
{[%emt 00:00:34]} Kf8 {[%clk 00:29:50]} {[%emt 00:00:45]} 19. Nc3 {[%clk
00:09:57]} {[%emt 00:05:08]} Ba8 {[%clk 00:25:08]} {[%emt 00:05:13]} 20. Ne4
{[%clk 00:08:54]} {[%emt 00:01:32]} Rbc8 {[%clk 00:24:03]} {[%emt 00:01:35]}
21. Nc3 {[%clk 00:04:21]} {[%emt 00:05:03]} Ncd4 {[%clk 00:23:37]} {[%emt
00:00:56]} 22. Nxd4 {[%clk 00:04:25]} {[%emt 00:00:25]} Nxd4 {[%clk 00:24:03]}
{[%emt 00:00:04]} 23. Bxa8 {[%clk 00:04:37]} {[%emt 00:00:19]} Rxa8 {[%clk
00:24:28]} {[%emt 00:00:05]} 24. Kg2 {[%clk 00:04:59]} {[%emt 00:00:08]} Rac8
{[%clk 00:22:40]} {[%emt 00:02:17]} 25. Ne2 {[%clk 00:01:55]} {[%emt 00:03:34]}
Ne6 {[%clk 00:22:29]} {[%emt 00:00:42]} 26. Nc3 {[%clk 00:02:10]} {[%emt
00:00:15]} Rb8 {[%clk 00:20:31]} {[%emt 00:02:28]} 27. Nd5 {[%clk 00:02:24]}
{[%emt 00:00:16]} Rb7 {[%clk 00:20:25]} {[%emt 00:00:36]} 28. f4 {[%clk
00:02:35]} {[%emt 00:00:20]} Nd4 {[%clk 00:20:11]} {[%emt 00:00:43]} 29. g4
{[%clk 00:00:59]} {[%emt 00:02:06]} d6 {[%clk 00:19:16]} {[%emt 00:01:25]} 30.
Kg3 {[%clk 00:00:48]} {[%emt 00:00:41]} dxe5 {[%clk 00:18:25]} {[%emt
00:01:22]} 31. Rxe5 {[%clk 00:00:37]} {[%emt 00:00:41]} Nc6 {[%clk 00:18:48]}
{[%emt 00:00:06]} 32. Re3 {[%clk 00:00:48]} {[%emt 00:00:19]} Rbd7 {[%clk
00:19:08]} {[%emt 00:00:10]} 33. f5 {[%clk 00:00:46]} {[%emt 00:00:32]} bxc4
{[%clk 00:12:49]} {[%emt 00:06:49]} 34. dxc4 {[%clk 00:00:57]} {[%emt
00:00:20]} Nb4 {[%clk 00:12:51]} {[%emt 00:00:27]} 35. fxg6 {[%clk 00:00:48]}
{[%emt 00:00:39]} hxg6 {[%clk 00:13:02]} {[%emt 00:00:19]} 36. Rde2 {[%clk
00:00:57]} {[%emt 00:00:21]} Nxd5 {[%clk 00:12:19]} {[%emt 00:01:13]} 37. cxd5
{[%clk 00:01:25]} {[%emt 00:00:02]} Rxd5 {[%clk 00:12:33]} {[%emt 00:00:17]}
38. Rxe7 {[%clk 00:01:33]} {[%emt 00:00:21]} Rd3+ {[%clk 00:12:23]} {[%emt
00:00:41]} 39. R7e3 {[%clk 00:01:18]} {[%emt 00:00:45]} Rxe3+ {[%clk 00:12:36]}
{[%emt 00:00:17]} 40. Rxe3 {[%clk 00:01:46]} {[%emt 00:00:01]} Rd2 {[%clk
00:13:00]} {[%emt 00:00:06]} 41. Rc3 {[%clk 00:00:35]} {[%emt 00:01:41]} Rxa2
{[%clk 00:13:21]} {[%emt 00:00:10]} 42. Rxc5 {[%clk 00:00:57]} {[%emt
00:00:07]} Ra3 {[%clk 00:13:36]} {[%emt 00:00:15]} 43. Rc8+ {[%clk 00:01:08]}
{[%emt 00:00:19]} Kg7 {[%clk 00:10:16]} {[%emt 00:03:51]} 44. Rb8 {[%clk
00:01:29]} {[%emt 00:00:08]} g5 {[%clk 00:09:55]} {[%emt 00:00:52]} 45. Rb6
{[%clk 00:00:49]} {[%emt 00:01:10]} a5 {[%clk 00:10:04]} {[%emt 00:00:21]} 46.
Kg2 {[%clk 00:01:07]} {[%emt 00:00:12]} a4 {[%clk 00:09:41]} {[%emt 00:00:53]}
47. bxa4 {[%clk 00:01:30]} {[%emt 00:00:06]} Rxa4 {[%clk 00:10:08]} {[%emt
00:00:03]} 1/2-1/2